01874nam a2200325Ia 4500001001200000003000800012006001900020007001500039008004100054010001700095020001500112020001500127040002100142035002100163050002400184082002100208100002000229245014200249260004300391300001500434504005100449505060800500533015201108650003601260650006301296655002901359710001701388856012601405999001701531ebr10135633CaPaEBRm u cr cn|||||||||050509s2006 nyu sb 001 0 eng d z 2005048703 z1403977216 z1403963924 aCaPaEBRcCaPaEBR a(OCoLC)12353807014aJK1965b.S25 2006eb04a324.6/5/09732221 aSaltman, Roy G.14aThe history and politics of voting technologyh[electronic resource] :bin quest of integrity and public confidence /cby Roy G. Saltman. aNew York :bPalgrave Macmillan,c2006. axv, 240 p. aIncludes bibliographical references and index.0 a1. The 2000 presidential election in Florida : the family secret is exposed -- 2. From the revolution to the Civil War : consent of the governed and the election clause -- 3. The late nineteenth centaury : struggling with corruption and fraud -- 4. The late nineteenth and early twentieth centuries : mechanization and political reforms -- 5. The middle and late twentieth centaury : movements for equality, enfranchisement, and voting facilitation -- 6. The middle and late twentieth century : election administration and computing technology -- 7. The great awakening after Florida, through July 2005. aElectronic reproduction.bPalo Alto, Calif. :cebrary,d2007.nAvailable via World Wide Web.nAccess may be limited to ebrary affiliated libraries. 0aVotingzUnited StatesxHistory. 0aVotingxTechnological innovationszUnited StatesxHistory. 7aElectronic books.2local2 aebrary, Inc.40uhttp://site.ebrary.com/lib/rucke/Doc?id=10135633zAn electronic book accessible through the World Wide Web; click to view c87550d87550